| 000 | 00563nam a2200241 a 4500 | ||
|---|---|---|---|
| 001 | nice12345678 | ||
| 003 | IN_TiNIC | ||
| 005 | 20260116011808.0 | ||
| 008 | 050524s0000 egya grp 000 0 ara | ||
| 020 |
_a _c100 |
||
| 082 | 0 | 0 |
_a239 _bSAE |
| 100 | _aSaeed, Ibrahim | ||
| 245 | _aAl-Majmooatul Ibrahimiya | ||
| 260 |
_aEgypt _bMatba-E-Neel _c0000 |
||
| 300 | _a88p | ||
| 500 | _aincludes index and biblioraphy | ||
| 505 | 2 | _aReserve copies | |
| 650 | _aApologetics | ||
| 700 | 1 | _aSaeed, Ibrahim | |
| 902 | _bSRS | ||
| 942 | _cBK | ||
| 999 |
_c4031 _d4031 |
||